| 000 | 01285nam a2200241Ia 4500 | ||
|---|---|---|---|
| 001 | 210 | ||
| 005 | 20251203123018.0 | ||
| 008 | 251203t2004||||xx |||||||||||||| ||spa|| | ||
| 020 | _a8497892968 | ||
| 041 | _aESP | ||
| 082 |
_aRE 036 _bS17 |
||
| 110 | _aSalvat Editores | ||
| 245 | 0 |
_aLa enciclopedia : _bVolúmenes 1-20 |
|
| 250 | _aReimpresión | ||
| 260 |
_aMadrid : _bSalvat Editores _c2004 |
||
| 300 |
_a800 páginas : _b ilustraciones ; _c 22 cm. _e |
||
| 440 |
_a _n _v |
||
| 505 | _aContiene: Volumen 1: A aouita.- Volumen 2: Aovado; Basedow.- Volumen 3: Basel; Calvo-Sotelo.- Volumen 4: Calvo y Agosti Cid.- Volumen 5: Cid; Crisipo.- Volumen 6: Crisis D’ Sola.- Volumen 7: Du Bellay; Estados Unidos.- Volumen 8: Estados Unidos; Franciscana.- Volumen 9: Franciscano; Guadalquivir.- Volumen 10: Guadalupe; Inculpable.- Volumen 11: Inculpación; Lalique.- Volumen 12: Lalo; Manialvo.- Volumen 13: Maniatar; Mongol.- Volumen 14: Mongolia; Octavar.- Volumen 15: Octavario; Pérez E. – Volumen 16: Pérez F.; Puericia.- Volumen 17: Puericultor; Roth.- Volumen 18: Rothko; Solífugos.- Volumen 19: Solihull; Tucumano.- Volumen 20: Tucupita; Zwickau. | ||
| 650 | _aGEN | ||
| 653 | _aEnciclopedias; Obras enciclopedicas generales | ||
| 654 | _aCTP | ||
| 942 |
_cENC _dJUS _fMAT _2ddc _n |
||
| 999 |
_c210 _d210 |
||